Controles de velocidad minicentrales hidroeléctricas

Sparad:
Bibliografiska uppgifter
Huvudupphovsman: Trejos Dent, Roberto,1948-
Övriga upphovsmän: Chacón Prendas, Víctor Hugo, 1950-, Escalante Rodríguez, Eduardo
Materialtyp: Bok
Publicerad: San José, Costa Rica : Universidad de Costa Rica, Escuela de Ingeniería Eléctrica, Instituto de Investigaciones en Ingeniería 1985
Ämnen:
Taggar: Lägg till en tagg
Inga taggar, Lägg till första taggen!

MARC

LEADER 00000nam a2200000Ia 4500
003 PI0025
005 20240419085934.0
008 140116s1985 cr a 000 ||s d
040 |c cru CEDI 
090 |a PI-25 
100 |a Trejos Dent, Roberto,1948-  |9 1710 
245 |a Controles de velocidad minicentrales hidroeléctricas 
260 |a  San José, Costa Rica : Universidad de Costa Rica, Escuela de Ingeniería Eléctrica, Instituto de Investigaciones en Ingeniería  |c 1985 
300 |a 89 hojas :ilustraciones  
500 |a  Informe final de proyecto de investigación.  
650 |x CENTRALES HIDROELECTRICAS  |9 13420 
700 |a Chacón Prendas, Víctor Hugo, 1950-  |9 1711 
700 |9 1068  |a Escalante Rodríguez, Eduardo 
942 |c PI  |h PI-25  |i PI0025  |6 PI_25_PI0025 
999 |c 20552  |d 20552